| 000 | 00660nam a2200229Ia 4500 | ||
|---|---|---|---|
| 001 | 15948 | ||
| 003 | GE_BSU | ||
| 008 | 181216s||||||||xx |||||||||||||| ||und|| | ||
| 040 | _cGE_BSU | ||
| 080 | _a821.353.1-32 | ||
| 100 | _aჯაფარიძე, რ. | ||
| 245 | _aხმა იდუმალი | ||
| 245 | _bმოთხრობები. | ||
| 245 | _cრედ.ს. ჩიქოვანი | ||
| 260 | _aთბილისი | ||
| 260 | _bსაბჭ. მწერალი | ||
| 260 | _c1959 | ||
| 300 | _a232გვ. ; 20სმ | ||
| 653 | _aმოთხრობები. | ||
| 653 | _aხმა იდუმალი | ||
| 942 | _cBK | ||
| 999 |
_c49042 _d49042 |
||